书目信息 |
| 题名: |
设计美学视角下的北京城中轴线
|
|
| 作者: | 张帆 著 | |
| 分册: | ||
| 出版信息: | 北京 北京理工大学出版社 2019.3 |
|
| 页数: | 240页 | |
| 开本: | 26cm | |
| 丛书名: | ||
| 单 册: | ||
| 中图分类: | TU984.21 | |
| 科图分类: | ||
| 主题词: | 城市规划--建筑美学--研究--北京 | |
| 电子资源: | ||
| ISBN: | 978-7-5682-6854-7 | |
| 000 | 01048nam0 2200265 45 | |
| 001 | 012001001663 | |
| 005 | 20141011085732.0 | |
| 010 | @a978-7-5682-6854-7@dCNY89.00 | |
| 099 | @aCAL 012020023146 | |
| 100 | @a20200402d2019 em y0chiy0110 ea | |
| 101 | 0 | @achi |
| 102 | @aCN@b110000 | |
| 105 | @aa a 000yy | |
| 106 | @ar | |
| 200 | 1 | @a设计美学视角下的北京城中轴线@Ashe ji mei xue shi jiao xia de bei jing cheng zhong zhou xian@f张帆著 |
| 210 | @a北京@c北京理工大学出版社@d2019.3 | |
| 215 | @a240页@c彩图@d26cm | |
| 314 | @a张帆, 北京理工大学设计与艺术学院教授、博士生导师。 | |
| 320 | @a有书目 (第237-240页) | |
| 330 | @a北京城中轴线是传统中国城市规划设计思想的典型案例, 集中体现传统人文思想、造物观和设计手法。本书将文化遗产与设计美学研究相结合, 梳理北京城中轴线的产生与发展历程, 总结其中的文化内涵与美学思想, 并就相关设计理念及演变过程进行了探讨。 | |
| 606 | 0 | @a城市规划@x建筑美学@x研究@y北京 |
| 690 | @aTU984.21@v5 | |
| 701 | 0 | @a张帆@Azhang fan@4著 |
| 801 | @aCN@b江苏凤凰@c20211018 | |
| 905 | @b1345230-2@dTU984.21@e2093@f3 | |
| 设计美学视角下的北京城中轴线/张帆著.-北京:北京理工大学出版社,2019.3 |
| 240页:彩图;26cm |
| ISBN 978-7-5682-6854-7:CNY89.00 |
| 北京城中轴线是传统中国城市规划设计思想的典型案例, 集中体现传统人文思想、造物观和设计手法。本书将文化遗产与设计美学研究相结合, 梳理北京城中轴线的产生与发展历程, 总结其中的文化内涵与美学思想, 并就相关设计理念及演变过程进行了探讨。 |
| ● |
| 相关链接 |
|
|
|
|
正题名:设计美学视角下的北京城中轴线
索取号:TU984.21/2093
 
预约/预借
| 序号 | 登录号 | 条形码 | 馆藏地/架位号 | 状态 | 备注 |
| 1 | 1345230 | 213452306 | 第二样本阅览室/ [索取号:TU984.21/2093] | 在馆 | |
| 2 | 1345231 | 213452315 | 第三借阅区/ [索取号:TU984.21/2093] | 在馆 | |
| 3 | 1345232 | 213452324 | 第三借阅区/ [索取号:TU984.21/2093] | 在馆 |